000
00276nam a22001337a 4500
008
170824b xxu||||| |||| 00| 0 eng d
020
_a
9780618020874
041
_a
eng
080
_a
514
100
_a
38
101
_a
MAT
245
_a
GEOMETRY
_c
LARSON,R
942
_2
udc
_c
BK
999
_c
24784
_d
24784